[Event "Dhaka Gateway Academy op"]
[Site "Dhaka"]
[Date "2020.01.03"]
[Round "5"]
[White "Azizul, Haque"]
[Black "Ahmed, Walijah"]
[Result "0-1"]
[WhiteElo "1487"]
[BlackElo "1776"]
[PlyCount "36"]
[EventDate "2019.12.30"]
[EventType "team-tourn"]
[EventRounds "7"]
[EventCountry "BAN"]
[SourceTitle "CBM 194 Extra"]
[Source "ChessBase"]
[SourceDate "2020.03.31"]
[SourceVersion "1"]
[SourceVersionDate "2020.03.31"]
[SourceQuality "1"]

1. d4 Nf6 2. c4 g6 3. Nc3 Bg7 4. e4 d6 5. Nf3 0-0 6. Be2 e5 7. 0-0 Nc6 8. d5 Ne7 9. Ne1 Nd7 10. Nd3 f5 11. f4 b6 12. Kh1 Nc5 13. Nxc5 bxc5 14. fxe5 Bxe5 15. Bd3 fxe4 16. Bxe4 Nf5 17. Bxf5 Bxf5 18. a3 Qh4 0-1

[Event "Dhaka Walton op 07"]
[Site "Dhaka"]
[Date "2018.07.04"]
[Round "1"]
[White "Shafiqul, Islam1111"]
[Black "Azizul, Haque"]
[Result "1-0"]
[WhiteElo "1902"]
[BlackElo "1560"]
[PlyCount "85"]
[EventDate "2018.07.04"]
[EventType "swiss"]
[EventRounds "9"]
[EventCountry "BAN"]
[SourceTitle "EXT 2019"]
[Source "ChessBase"]
[SourceDate "2018.10.10"]
[SourceVersion "1"]
[SourceVersionDate "2018.10.10"]
[SourceQuality "1"]

1. g3 Nf6 2. c4 g6 3. Bg2 Bg7 4. d4 d6 5. e4 0-0 6. Nc3 e5 7. d5 Na6 8. Nge2 Bg4 9. h3 Bxe2 10. Qxe2 Nc5 11. Be3 b6 12. Bxc5 bxc5 13. 0-0 Rb8 14. Nb5 Rb7 15. b3 a6 16. Nc3 Nd7 17. Qd2 f5 18. f3 f4 19. g4 Nf6 20. Rab1 h5 21. g5 Nh7 22. h4 Nxg5 23. hxg5 Qxg5 24. Qf2 h4 25. Kh1 Kf7 26. Bh3 Qg3 27. Be6+ Kf6 28. Ne2 Qxf2 29. Rxf2 Rh8 30. Ng1 a5 31. Nh3 a4 32. Rg2 axb3 33. axb3 Rh6 34. Kh2 Rb8 35. Ra2 Bf8 36. Ra7 Rh7 37. Nf2 Rg7 38. Kh3 g5 39. Ng4+ Kg6 40. Bf5+ Kh5 41. Nf6+ Kh6 42. Nd7 Rc8 43. Nxc5 1-0